Loading...
| Literature - American | 0 | 6 | 1 | 0 | 55 | 41 | 112.00 | 0 | 1 | 0.00 | 0.00 |
| Fine Arts - Painting and Sculpture | 0 | 4 | 1 | 1 | 35 | 79 | 99.75 | 0 | 3 | 0.00 | 0.00 |
| Literature - European | 0 | 4 | 1 | 1 | 35 | 117 | 123.00 | 0 | 0 | 0.00 | 0.00 |
| Religion | 0 | 3 | 0 | 1 | 30 | 94 | 110.67 | 0 | 0 | 0.00 | 0.00 |
| Mythology | 0 | 3 | 1 | 0 | 25 | 83 | 106.33 | 0 | 1 | 0.00 | 0.00 |
| History - American | 0 | 2 | 0 | 0 | 20 | 97 | 101.50 | 0 | 0 | 0.00 | 0.00 |
| Literature - British | 0 | 2 | 1 | 0 | 15 | 41 | 48.00 | 0 | 2 | 0.00 | 0.00 |
| Fine Arts - Other | 0 | 2 | 1 | 0 | 15 | 105 | 107.50 | 0 | 0 | 0.00 | 0.00 |
| History - World | 0 | 1 | 1 | 1 | 5 | 119 | 119.00 | 0 | 0 | 0.00 | 0.00 |
| Literature - World | 0 | 2 | 3 | 1 | 5 | 114 | 123.50 | 0 | 0 | 0.00 | 0.00 |
| History - European | 0 | 0 | 2 | 0 | -10 | 0.00 | 0 | 0 | 0.00 | 0.00 |